Problém ilegálních přistěhovalců.

Stanovisko nositeľa Nobelovej ceny za ekonómiu za rok 1992 k príčinám ilegálneho prisťahovalectva do vyspelých krajín a k opatreniam na obmedzenie prisťahovalectva.

Saved in:
Bibliographic Details
Main Author: Becker, Gary S.
Format: Book Chapter
Language:Czech
Subjects:
Tags: Add Tag
No Tags, Be the first to tag this record!

MARC

LEADER 00000naa a2200000 4500
001 r012187
005 20220826092135.9
041 0 |a cze 
044 |a CZ 
245 1 0 |a Problém ilegálních přistěhovalců.  |c G.S. Becker 
520 |a Stanovisko nositeľa Nobelovej ceny za ekonómiu za rok 1992 k príčinám ilegálneho prisťahovalectva do vyspelých krajín a k opatreniam na obmedzenie prisťahovalectva. 
610 2 0 |a imigrácia 
610 2 0 |a USA 
610 2 0 |a západná Európa 
610 2 0 |a zákony 
610 2 0 |a trh práce 
100 1 |a Becker, Gary S.